| 000 | 01114nam a2200229Ia 4500 | ||
|---|---|---|---|
| 003 | Ost | ||
| 005 | 20260507075645.0 | ||
| 008 | 260507s9999||||xx |||||||||||||| ||und|| | ||
| 040 | _cfsecg | ||
| 041 | _aara | ||
| 082 | _a657.95 | ||
| 100 |
_aالأخرس، عاطف _eمؤلف |
||
| 245 | 0 |
_aمحاسبة المنشآت السياحية / _c عاطف الأخرس |
|
| 260 |
_aعمان: _bدار البركة للنشر والتوزيع, _c2001 |
||
| 300 |
_a158 صفحة؛ _bإيضاحات ؛ _c24 سم |
||
| 504 | _aالمراجع ص. 158 | ||
| 520 | _aالمنشآت السياحية، محاسبة المنشآت السياحية، النظام المحاسبي في المنشآت السياحية، المصروفات والإيرادات، رأس المال- المعالجة المحاسبية، التسويقات الجردية، التدقيق ومعالجة الاخطاء المحاسبية، إعداد القوائم المالية | ||
| 653 | _aالشركات - المحاسبة | ||
| 653 | _aالفندقة | ||
| 700 |
_aحمودة، سمير _eمؤلف ثانوي |
||
| 942 | _cكتاب | ||
| 999 |
_c45475 _d45475 |
||